00538cam a22001337a 4500008004000000082001800040100002200058245012600080260006100206300001000267650001800277999001900295952009000314180718b1974 xxu||||| |||| 00| 0 eng d aT42x6721 F874 aFrediani, Lorenzo aThe banking system of Gabon and the Central lbank of the states of Equatorial Africa and of Camerooncby Lorenzo Frediani aMilanbCassa di risparimo delle provincie lombardec1974 a343p. aBanks - Gabon c476664d476664 00104070aIIPAbIIPAd2018-08-04oT42x6721 F874pGR9104r2018-08-04w2018-08-04yGR